Súkromné podnikanie v malých a stredných firmách Podnikateľský projekt. Finančné plánovanie. Marketing. Manažment. Operatívne riadenie firmy
Gespeichert in:
| 1. Verfasser: | |
|---|---|
| Format: | Buch |
| Sprache: | Slowakisch |
| Veröffentlicht: |
Bratislava
Elita
1994
|
| Ausgabe: | 1. vyd. |
| Schlagworte: | |
| Tags: |
Keine Tags, Fügen Sie das erste Tag hinzu!
|
MARC
| LEADER | 00000nam a2200000 4500 | ||
|---|---|---|---|
| 001 | c005239 | ||
| 005 | 20221128074021.0 | ||
| 020 | |a 80-85323-55-9 | ||
| 041 | 0 | |a slo | |
| 044 | |a SK | ||
| 245 | 1 | 0 | |a Súkromné podnikanie v malých a stredných firmách |b Podnikateľský projekt. Finančné plánovanie. Marketing. Manažment. Operatívne riadenie firmy |c Jozef Svitek |
| 250 | |a 1. vyd. | ||
| 264 | 1 | |a Bratislava |b Elita |c 1994 | |
| 300 | |a 207 s. | ||
| 610 | 2 | 0 | |a podnikanie |
| 610 | 2 | 0 | |a firmy |
| 610 | 2 | 0 | |a podnik malý |
| 610 | 2 | 0 | |a podnik stredný |
| 610 | 2 | 0 | |a bankrot |
| 610 | 2 | 0 | |a franchising |
| 610 | 2 | 0 | |a projekty |
| 610 | 2 | 0 | |a plánovanie finančné |
| 610 | 2 | 0 | |a zisk |
| 610 | 2 | 0 | |a ceny |
| 610 | 2 | 0 | |a aktíva |
| 610 | 2 | 0 | |a pasíva |
| 610 | 2 | 0 | |a kapitál |
| 610 | 2 | 0 | |a marketing |
| 610 | 2 | 0 | |a manažment |
| 610 | 2 | 0 | |a prieskum trhu |
| 610 | 2 | 0 | |a propagácia |
| 610 | 2 | 0 | |a distribúcia |
| 610 | 2 | 0 | |a zákazníci |
| 610 | 2 | 0 | |a pracovníci |
| 610 | 2 | 0 | |a obchod zahraničný |
| 610 | 2 | 0 | |a účtovníctvo |
| 100 | 1 | |a Svitek, Jozef | |